000
00244 a2200097 4500
001
12819
100
_a
Wood,D
245
_a
How Children Think and learn : The Social Contexts of Congnitive Development.
260
_a
_b
_c
090
_c
9800
_d
9800
942
_a
NUST-CAE
_c
M
_c
36712
999
_c
247892
_d
247892